Statistiques concernant Canada ou États-Unis ou Mexique

Cliquez ici pour prendre le quiz!

Statistiques générales

  • Ce quiz a été pris 295 fois
  • Le résultat moyen est 7 sur 10

Statistiques - réponses

QuestionRéponse% Correct
État américain : Nouveau-...Mexique
92%
Laviolette aurait fondé une ville dans ce paysCanada
78%
La photo à côté du titre à été prise dans ce paysÉtats-Unis
76%
Pays traversé par le Tropique du CancerMexique
70%
Noah est le prénom masculin le plus populaire dans ce pays (en 2021)Canada
69%
San José est une ville de ce paysÉtats-Unis
66%
Pays ayant enregistré la température la plus chaude de tous les tempsÉtats-Unis
64%
Pays ayant la plus haute densité de populationMexique
58%
Pays ayant eu son indépendance en dernierCanada
57%
L'aigle royal est son animal nationalMexique
41%

Distribution des résultats

Percentile par nombre de réponses

% des personnes avec chaque résultat

Votre développement - résultats

Vous n’avez pas pris ce quiz